Out in the sun

Bibliographic Details
Main Author: Murray, W
Format: Book
Published: London : Ladybird Books , 19--
Series:Key words with Peter and Jane
Subjects:

MARC

LEADER 00000cam a2200000 7i4500
001 0000007312
005 20140709.0
020 |a 072140541X 
020 |a 9781409301226 
090 0 0 |a JF   |b MUR 
100 1 |a Murray, W 
245 1 0 |a Out in the sun   |c W. Murray 
260 |a London :   |b Ladybird Books ,   |c 19-- 
300 |a 51p. :   |b ill. ;   |c 18cm. 
490 0 |a Key words with Peter and Jane 
500 |a Play & Learn Library 
650 0 0 |a Children's stories 
999 |a 00156802   |b BUKU   |c PINJAMAN   |e PERPUSTAKAAN KOMUNITI PETALING JAYA 
999 |a 00156803   |b BUKU   |c PINJAMAN   |e MOBILE LIBRARY PKPJ 
999 |a 00156804   |b BUKU   |c PINJAMAN   |e PERPUSTAKAAN KOMUNITI PETALING JAYA 
999 |a 00237800   |b BUKU   |c PINJAMAN   |e PERPUSTAKAAN KOMUNITI PETALING JAYA 
999 |a 00237801   |b BUKU   |c PINJAMAN   |e PERPUSTAKAAN KOMUNITI PETALING JAYA 
999 |a 00237802   |b BUKU   |c PINJAMAN   |e PERPUSTAKAAN KOMUNITI CAW KOTA DAMANSARA 
999 |a 00237803   |b BUKU   |c PINJAMAN   |e PERPUSTAKAAN KOMUNITI CAW BANDAR UTAMA 
999 |a 00267745   |b BUKU   |c PINJAMAN   |e PERPUSTAKAAN KOMUNITI PETALING JAYA 
999 |a 00272665   |b BUKU   |c PINJAMAN   |e PERPUSTAKAAN KOMUNITI CAW TAMAN MEDAN 
999 |a 00298469   |b BUKU   |c JUNIOR REFERENCE   |e PERPUSTAKAAN KOMUNITI PETALING JAYA 
999 |a 00298470   |b BUKU   |c JUNIOR REFERENCE   |e PERPUSTAKAAN KOMUNITI PETALING JAYA 
999 |a 00309752   |b BUKU   |c PINJAMAN   |e PERPUSTAKAAN KOMUNITI CAW KOTA DAMANSARA 
999 |a 00317719   |b BUKU   |c PINJAMAN   |e PERPUSTAKAAN KOMUNITI CAW KOTA DAMANSARA 
999 |a 00332194   |b BUKU   |c PINJAMAN   |e PERPUSTAKAAN KOMUNITI PETALING JAYA 
999 |a 00332195   |b BUKU   |c PINJAMAN   |e PERPUSTAKAAN KOMUNITI PETALING JAYA 
999 |a 00332196   |b BUKU   |c PINJAMAN   |e PERPUSTAKAAN KOMUNITI CAW BANDAR UTAMA 
999 |a 052585   |b BUKU   |c PINJAMAN   |e MOBILE LIBRARY PKPJ 
999 |a 052586   |b BUKU   |c PINJAMAN   |e PERPUSTAKAAN KOMUNITI PETALING JAYA 
999 |a 052587   |b BUKU   |c PINJAMAN   |e PERPUSTAKAAN KOMUNITI PETALING JAYA 
999 |a 054915   |b BUKU   |c PINJAMAN   |e PERPUSTAKAAN KOMUNITI PETALING JAYA 
999 |a 054916   |b BUKU   |c PINJAMAN   |e PERPUSTAKAAN KOMUNITI PETALING JAYA 
999 |a 117883   |b BUKU   |c PINJAMAN   |e MOBILE LIBRARY PKPJ 
999 |a 117884   |b BUKU   |c PINJAMAN   |e MOBILE LIBRARY PKPJ 
999 |a 117885   |b BUKU   |c PINJAMAN   |e MOBILE LIBRARY PKPJ 
999 |a 117887   |b BUKU   |c PINJAMAN   |e MOBILE LIBRARY PKPJ